| 000 | 01153 a2200313 4500 | ||
|---|---|---|---|
| 020 | _a0852974469 | ||
| 020 | _a9780852974469 | ||
| 090 |
_c191 _d191 |
||
| 100 | 1 | _aCoyle, Brian. | |
| 245 | 1 | 0 |
_aCashflow forecasting & liquidity : _bcashflow management / _cBrian Coyle. |
| 250 | _aRevised ed. | ||
| 260 |
_a[S.l.] : _bChartered Inst of Bankers, _c1999. |
||
| 300 |
_a180 p. ; _c24 cm. |
||
| 490 | 1 | _aRisk management series: cash flow management. | |
| 500 | _aPaperback. | ||
| 650 | 4 | _aBudgeting & financial management. | |
| 650 | 4 | _aFinance. | |
| 650 | 4 | _aManagement decision making. | |
| 650 | 4 | _aReference works. | |
| 650 | 4 | _aBusiness/Economics. | |
| 650 | 4 | _aBUSINESS & ECONOMICS / Decision-Making & Problem Solving. | |
| 650 | 4 | _aBUSINESS & ECONOMICS / Finance. | |
| 650 | 4 | _aBusiness & Economics / Budgeting. | |
| 650 | 4 | _aCareers & Success. | |
| 830 | 0 | _aRisk management series: cash flow management. | |
| 856 | 4 | 0 |
_3Amazon.com _uhttp://www.amazon.com/exec/obidos/ASIN/0852974469/chopaconline-20 |
| 856 | 4 | 0 |
_3Amazon customer reviews _uhttp://www.chopac.org/cgi-bin/tools/azrev.pl?q=0852974469 |
| 942 |
_aNBS _cBK _k658.15 COY |
||
| 999 |
_c342765 _d342765 |
||